|
|
|
|
| LEADER |
00000ntmaa2200000 a 4500 |
| 001 |
vtls011897992 |
| 003 |
SK-MaSNL |
| 005 |
20260301225019.0 |
| 008 |
251201i1847 xo ||h 010 1dslo |
| 035 |
|
|
|a urn:nbn:sk:snk-tm00em0d
|
| 035 |
|
|
|a urn:nbn:sk:snk-tm3n3y9
|
| 035 |
|
|
|a 679650CE-5556-4BCF-A39C-919C4DF52E76
|
| 040 |
|
|
|a SNKLA
|b slo
|c SNKLA
|e AACR2
|
| 041 |
0 |
|
|a slo
|
| 044 |
|
|
|a xo
|c SK
|
| 072 |
|
7 |
|a 82-9
|x Literárna kritika, vecná literatúra a rôzne ďalšie žánre
|2 konspekt
|
| 080 |
|
|
|a (092)
|2 2011
|
| 080 |
|
|
|a (01)
|2 2001
|
| 080 |
|
|
|a 025.171
|2 2011
|
| 100 |
1 |
|
|a Fejérpataky-Belopotocký, Gašpar,
|d 1794-1874
|4 aut
|9 133757
|
| 245 |
1 |
0 |
|a [Životopis Kašpara Fejérpatakyho, na žádost od nĕho samého, vlastnoručnĕ, v padesatém čtvrtém roce vĕku jeho, spísaný]
|n 4
|c Kašpar Fejérpataky ; RUram
|
| 260 |
|
|
|a v Liptovském Svatém Mikuláši
|c 1847-1874
|
| 300 |
|
|
|a 182 strán
|b rukopis, viazaný
|c 23 cm
|
| 500 |
|
|
|a Na konci rukopisu je súpis vydaných diel
|
| 500 |
|
|
|a V Literárnom archíve sa nachádzajú štyri životopisy Gašpara Fejérpatakyho-Belopotockého - dva aj so životopisom jeho otca Mikuláša pod signatúrou C 59 (označené 1 a 2) a dva pod signatúrou M 18 A 2 (označené 3 a 4)
|
| 500 |
|
|
|a Názov podľa signatúry M 18 A 2/3
|
| 500 |
|
|
|a Chýbajú strany 17-38
|
| 520 |
2 |
|
|a Štvrtý rukopis životopisu, ktorý siaha obsahom do roku 1861; strany 107-110, 113-118 a 199-205 sú písané Rehorom Uramom Podtatranským - odpísal tiež báseň Gašpara Fejérpatakyho U hrobu sestry Zuzany
|
| 555 |
0 |
|
|a V. Inventár rukopisov Literárneho archívu MS. V. Archív Slovenského národného múzea. Fondy M 1-M 50. Matica slovenská v Martine 1974
|
| 561 |
|
|
|a Okrúhla pečiatka: Matica slovenská Martin Literárny archív
|
| 561 |
|
|
|a Okrúhla pečiatka: Museálna slovenská spoločnosť
|
| 561 |
|
|
|a Oválna pečiatka: Rehor Uram v Lipt. Sv. Mikuláši ev. a. v. učiteľ
|
| 655 |
|
7 |
|a autobiografie
|2 SNKPH
|9 70280
|
| 655 |
|
7 |
|a bibliografie
|2 SNKPH
|9 28668
|
| 655 |
|
7 |
|a rukopisy
|2 SNKPH
|9 70548
|
| 655 |
|
7 |
|a biografie
|2 SNKPH
|9 27965
|
| 700 |
1 |
|
|a Uram-Podtatranský, Rehor,
|d 1846-1924
|4 aut
|9 115423
|
| 752 |
|
|
|a Slovensko
|d Liptovský Mikuláš
|
| 852 |
|
|
|a Slovenská národná knižnica
|b Literárny archív
|
| 958 |
|
|
|a MOF
|
| 958 |
|
|
|a LAVD
|
| 999 |
|
|
|c 949366
|d 951296
|
| 952 |
|
|
|a SNKLA
|b SNKLA
|c SNKLA_DEP
|y NEVYP
|7 0
|p 17A1229008
|o snkM 18 A 2/2
|0 0
|1 0
|4 0
|d 2019-11-05
|f 1
|l 0
|r 2026-02-24 09:44:15
|w 2026-02-24
|